К разграничению водоёмов по накоплению [90Sr] рыбой; Экология; № 4

Dades bibliogràfiques
Parent link:Экология/ Российская академия наук (РАН), Уральское отделение (УрО).— , 1996-.— 0367-0597
№ 4.— 2004.— С. 312-316
Autor principal: Бакунов Н. А.
Altres autors: Макеев В. М.
Idioma:rus
Publicat: 2004
Col·lecció:Краткие сообщения
Matèries:
Format: Capítol de llibre
KOHA link:https://koha.lib.tpu.ru/cgi-bin/koha/opac-detail.pl?biblionumber=458462

MARC

LEADER 00000naa2a2200000 4500
001 458462
005 20231101085011.0
035 |a (RuTPU)RU\TPU\prd\122149 
035 |a RU\TPU\prd\39928 
090 |a 458462 
100 |a 20111012a2004 k y0rusy50 ca 
101 0 |a rus 
102 |a RU 
200 1 |a К разграничению водоёмов по накоплению [90Sr] рыбой  |f Н. А. Бакунов, В. М. Макеев 
225 1 |a Краткие сообщения 
320 |a Библиогр.: 29 назв. 
461 0 |0 (RuTPU)RU\TPU\prd\469  |x 0367-0597  |t Экология  |f Российская академия наук (РАН), Уральское отделение (УрО)  |d 1996- 
463 0 |0 (RuTPU)RU\TPU\prd\122136  |t № 4  |v С. 312-316  |d 2004 
610 1 |a водоемы 
610 1 |a рыба 
610 1 |a коэффициент накопления 
610 1 |a радиоэкология 
610 1 |a пресные воды 
610 1 |a разграничение 
675 |a 546.425:577.4  |v 3 
700 1 |a Бакунов  |b Н. А. 
701 1 |a Макеев  |b В. М. 
801 1 |a RU  |b 63413507  |c 20051128  |g PSBO 
801 2 |a RU  |b 63413507  |c 20111012  |g RCR 
942 |c BK